| 000 | 00414nam a22001457a 4500 | ||
|---|---|---|---|
| 003 | SGT | ||
| 082 |
_a617.84 _bA22K |
||
| 100 | _aKALRA, SHEETAL | ||
| 245 | _aA study of Physical Fitness psychological Health of post Menopausal Women and Associated Factors In Urban And Rural gurugram | ||
| 260 |
_aGURUGRAM _bSGT UNIVERSITY _c2022 |
||
| 300 | _a142 | ||
| 650 | _aPHYSIOTHERAPY | ||
| 653 | _aPHD | ||
| 942 |
_2ddc _cTH |
||
| 999 |
_c26465 _d26465 |
||